000 01377nam a2200349 a 4500
003 BLK
005 20240919154315.0
008 180409b bul|||||r ||||||| ||bul||
010 _aKNG00121560000
040 _aBLK
041 _aBUL
_cBUL
080 _aМузика
_b78
_x(072)(075.3)
_z78(072)(075.3)
100 1 _aСтоянова, Елена Милева
_eпърви автор
_9375209
139 _aСтоянова, Елена Милева
_bС 83
245 1 0 _aМузикална литература
_bУчебник за школите по изкуствата и средните муз. у-ща : Ч. 1 -
_cЕлена Милева Стоянова.
_nЧ. 1
257 _aBGR
260 _bМузика
_c1984 -
_fЯмбол : Г. Димитров
_aСофия
300 _c22 см
380 _a7
650 4 _aМузика - учебници за средни училища
_9255263
653 _aмузика
653 _aсредни училища
653 _aучебници
760 1 _aСтоянова, Елена Милева
_d1984
_h271 с. : с ноти
_n6 084 тир.
_tЧ. 1
852 _aЦб 132204
_bЦб
856 4 _qpdf
856 4 _qpdf
942 _cKNG
_n0
_024
944 _aCR
_c01.03.2011
_lВиолета Тройчева
_k30552
944 _aED
_c24.01.2015
_lф / 28.02.2011
_kИрена_Линкова
999 _c116032
_d116032
999 _d116032